| 000 | 01315nam a2200373 a 4500 | ||
|---|---|---|---|
| 001 | ebr10427142 | ||
| 003 | CaPaEBR | ||
| 006 | m u | ||
| 007 | cr cn||||||||| | ||
| 008 | 090105s2009 enk sb 001 0deng | ||
| 010 | _z 2008053027 | ||
| 015 |
_aGBA931139 _2bnb |
||
| 016 | 7 |
_z014938170 _2Uk |
|
| 020 | _z9781847062789 (hc) | ||
| 020 | _z9781847062796 (pbk.) | ||
| 020 | _z1847062784 (hc) | ||
| 020 | _z1847062792 (pbk.) | ||
| 040 |
_aCaPaEBR _cCaPaEBR |
||
| 035 | _a(OCoLC)676696355 | ||
| 050 | 1 | 4 |
_aB2137 _b.D45 2009eb |
| 082 | 0 | 4 |
_a194 _222 |
| 100 | 1 |
_aDelaney, James, _d1977- |
|
| 245 | 1 | 0 |
_aStarting with Rousseau _h[electronic resource] / _cJames Delaney. |
| 260 |
_aLondon ; _aNew York : _bContinuum, _cc2009. |
||
| 300 | _ax, 171 p. | ||
| 490 | 1 | _aStarting with | |
| 504 | _aIncludes bibliographical references and index. | ||
| 533 |
_aElectronic reproduction. _bPalo Alto, Calif. : _cebrary, _d2013. _nAvailable via World Wide Web. _nAccess may be limited to ebrary affiliated libraries. |
||
| 600 | 1 | 0 |
_aRousseau, Jean-Jacques, _d1712-1778. |
| 655 | 7 |
_aElectronic books. _2local |
|
| 710 | 2 | _aebrary, Inc. | |
| 830 | 0 | _aStarting with. | |
| 856 | 4 | 0 |
_uhttp://site.ebrary.com/lib/rucke/Doc?id=10427142 _zAn electronic book accessible through the World Wide Web; click to view |
| 999 |
_c144678 _d144678 |
||